[Event "M?R mu?? 2020"]
[Site "Plze?"]
[Date "2020.08.24"]
[Round "2.1"]
[White "Stinka, Jakub"]
[Black "Navara, David"]
[Result "0-1"]
[BlackElo "2719"]
[WhiteElo "2299"]
[LiveChessVersion "1.4.8"]

1. d4 {[%clk 1:30:54]} Nf6 {[%clk 1:30:54]} 2. c4 {[%clk 1:31:12]} e6
{[%clk 1:31:20]} 3. Nf3 {[%clk 1:31:28]} d5 {[%clk 1:31:46]} 4. Nc3
{[%clk 1:31:40]} c6 {[%clk 1:32:12]} 5. Bg5 {[%clk 1:29:37]} h6 {[%clk 1:30:27]}
6. Bxf6 {[%clk 1:29:03]} Qxf6 {[%clk 1:30:49]} 7. e3 {[%clk 1:28:31]} g6
{[%clk 1:30:05]} 8. Bd3 {[%clk 1:27:43]} Bg7 {[%clk 1:27:51]} 9. O-O
{[%clk 1:25:11]} O-O {[%clk 1:25:55]} 10. e4 {[%clk 1:22:41]} Qd8
{[%clk 1:24:07]} 11. e5 {[%clk 1:17:13]} c5 {[%clk 1:19:58]} 12. dxc5
{[%clk 1:13:29]} dxc4 {[%clk 1:16:02]} 13. Bxc4 {[%clk 1:12:52]} Nd7
{[%clk 1:15:27]} 14. Qd6 {[%clk 0:57:58]} Nxe5 {[%clk 1:15:03]} 15. Nxe5
{[%clk 0:53:39]} Qxd6 {[%clk 1:15:16]} 16. cxd6 {[%clk 0:53:58]} Bxe5
{[%clk 1:15:38]} 17. Rad1 {[%clk 0:40:43]} Rd8 {[%clk 1:12:30]} 18. Rfe1
{[%clk 0:27:05]} Bxd6 {[%clk 1:10:19]} 19. Ne4 {[%clk 0:26:22]} Be7
{[%clk 1:10:33]} 20. Rxd8+ {[%clk 0:26:31]} Bxd8 {[%clk 1:10:56]} 21. Rd1
{[%clk 0:25:32]} Be7 {[%clk 1:10:14]} 22. Nd6 {[%clk 0:24:46]} Kf8
{[%clk 1:09:26]} 23. Nxc8 {[%clk 0:22:53]} Rxc8 {[%clk 1:09:35]} 24. b3
{[%clk 0:22:56]} b5 {[%clk 1:08:17]} 25. Bd3 {[%clk 0:19:26]} b4 {[%clk 1:06:25]}
26. Bc4 {[%clk 0:18:16]} a5 {[%clk 1:05:58]} 27. Bd3 {[%clk 0:16:10]} Bf6
{[%clk 0:58:13]} 28. Kf1 {[%clk 0:15:10]} Ke7 {[%clk 0:57:35]} 29. Ke2
{[%clk 0:13:54]} Rc5 {[%clk 0:57:27]} 30. f3 {[%clk 0:12:28]} Be5
{[%clk 0:50:17]} 31. g3 {[%clk 0:09:44]} h5 {[%clk 0:39:34]} 32. f4
{[%clk 0:06:59]} Bd6 {[%clk 0:39:47]} 33. Rf1 {[%clk 0:05:35]} h4
{[%clk 0:35:44]} 34. Be4 {[%clk 0:04:16]} g5 {[%clk 0:33:55]} 35. Bd3
{[%clk 0:02:36]} g4 {[%clk 0:27:32]} 36. Be4 {[%clk 0:00:37]} f5 {[%clk 0:22:31]}
37. Bd3 {[%clk 0:01:00]} Rc3 {[%clk 0:22:35]} 38. Rg1 {[%clk 0:00:33]} a4
{[%clk 0:20:09]} 39. bxa4 {[%clk 0:00:34]} Ra3 {[%clk 0:20:33]} 40. Bc4
{[%clk 0:00:33]} Bc5 {[%clk 0:20:21]} 41. Rh1 {[%clk 0:28:04]} hxg3
{[%clk 0:48:28]} 42. hxg3 {[%clk 0:28:27]} Rxg3 {[%clk 0:48:44]} 43. Rh7+
{[%clk 0:28:12]} Kd6 {[%clk 0:49:09]} 44. a5 {[%clk 0:23:31]} Re3+
{[%clk 0:47:36]} 45. Kd2 {[%clk 0:23:45]} Re4 {[%clk 0:46:07]} 46. Bb3
{[%clk 0:22:12]} Rxf4 {[%clk 0:45:21]} 47. a6 {[%clk 0:22:31]} g3
{[%clk 0:45:14]} 48. a7 {[%clk 0:21:07]} Bxa7 {[%clk 0:45:34]} 49. Rxa7
{[%clk 0:21:33]} g2 {[%clk 0:45:44]} 0-1

[Event "M?R mu?? 2020"]
[Site "Plze?"]
[Date "2020.08.24"]
[Round "2.3"]
[White "Nguyen, Thai Dai Van"]
[Black "Brejnik, Gustav"]
[Result "1/2-1/2"]
[BlackElo "2265"]
[WhiteElo "2569"]
[LiveChessVersion "1.4.8"]

1. c4 {[%clk 1:30:52]} c6 {[%clk 1:30:50]} 2. Nf3 {[%clk 1:31:12]} d5
{[%clk 1:31:14]} 3. d4 {[%clk 1:31:37]} Nf6 {[%clk 1:31:37]} 4. Qc2
{[%clk 1:32:01]} dxc4 {[%clk 1:31:50]} 5. Qxc4 {[%clk 1:32:24]} Bf5
{[%clk 1:32:13]} 6. g3 {[%clk 1:32:39]} e6 {[%clk 1:32:11]} 7. Bg2
{[%clk 1:32:54]} Be7 {[%clk 1:32:31]} 8. O-O {[%clk 1:32:52]} O-O
{[%clk 1:32:53]} 9. Qb3 {[%clk 1:30:30]} Qb6 {[%clk 1:32:01]} 10. Nbd2
{[%clk 1:30:48]} Na6 {[%clk 1:29:38]} 11. Nc4 {[%clk 1:27:31]} Qxb3
{[%clk 1:27:08]} 12. axb3 {[%clk 1:27:56]} Nb4 {[%clk 1:26:13]} 13. Bf4
{[%clk 1:18:18]} Ne4 {[%clk 1:07:22]} 14. Na5 {[%clk 1:03:25]} b6
{[%clk 1:02:31]} 15. Nc4 {[%clk 1:03:20]} Nd5 {[%clk 0:57:12]} 16. Nfd2
{[%clk 0:44:30]} Nxf4 {[%clk 0:34:50]} 17. gxf4 {[%clk 0:44:54]} Nxd2
{[%clk 0:35:12]} 18. Nxd2 {[%clk 0:45:20]} Bd6 {[%clk 0:32:23]} 19. e3
{[%clk 0:43:26]} Rac8 {[%clk 0:31:47]} 20. Rxa7 {[%clk 0:42:07]} c5
{[%clk 0:31:43]} 21. d5 {[%clk 0:40:26]} exd5 {[%clk 0:25:10]} 22. Bxd5
{[%clk 0:40:16]} Bb8 {[%clk 0:25:19]} 23. Rb7 {[%clk 0:37:10]} Rcd8
{[%clk 0:24:57]} 24. Be4 {[%clk 0:33:09]} Rxd2 {[%clk 0:24:08]} 25. Bxf5
{[%clk 0:33:35]} Bd6 {[%clk 0:10:25]} 26. Ra1 {[%clk 0:30:35]} g6
{[%clk 0:08:57]} 27. Be4 {[%clk 0:29:58]} Rb8 {[%clk 0:04:30]} 28. Rd7
{[%clk 0:29:05]} g5 {[%clk 0:04:50]} 29. Raa7 {[%clk 0:26:08]} gxf4
{[%clk 0:05:18]} 30. Rxf7 {[%clk 0:19:33]} fxe3 {[%clk 0:05:43]} 31. Rg7+
{[%clk 0:19:48]} Kh8 {[%clk 0:06:08]} 32. Rxh7+ {[%clk 0:18:54]} Kg8
{[%clk 0:06:38]} 33. Rhg7+ {[%clk 0:19:10]} Kh8 {[%clk 0:07:03]} 34. Rh7+
{[%clk 0:15:12]} Kg8 {[%clk 0:07:32]} 35. fxe3 {[%clk 0:15:29]} Re8
{[%clk 0:05:48]} 36. Rh4 {[%clk 0:09:11]} Bxh2+ {[%clk 0:05:44]} 37. Rxh2
{[%clk 0:05:28]} Rd1+ {[%clk 0:06:13]} 38. Kf2 {[%clk 0:05:48]} Rxe4
{[%clk 0:06:35]} 39. Rh6 {[%clk 0:06:06]} Rb4 {[%clk 0:05:39]} 40. Rb7
{[%clk 0:01:25]} Rxb3 {[%clk 0:04:46]} 41. Rhxb6 {[%clk 0:01:45]} Rd2+
{[%clk 0:24:08]} 42. Kf3 {[%clk 0:27:51]} Rxb6 {[%clk 0:24:21]} 43. Rxb6
{[%clk 0:28:16]} Kf7 {[%clk 0:24:05]} 44. Ke4 {[%clk 0:24:44]} Ke7
{[%clk 0:18:14]} 45. Ke5 {[%clk 0:19:38]} Kd7 {[%clk 0:18:26]} 46. e4
{[%clk 0:12:18]} Kc7 {[%clk 0:13:54]} 47. Rb5 {[%clk 0:12:34]} Kc6
{[%clk 0:14:05]} 48. Rb8 {[%clk 0:12:59]} Kc7 {[%clk 0:13:52]} 49. Rb3
{[%clk 0:13:12]} Kd7 {[%clk 0:11:23]} 50. Kf4 {[%clk 0:12:35]} Ke6
{[%clk 0:09:59]} 51. Rb6+ {[%clk 0:12:17]} Kd7 {[%clk 0:10:21]} 52. Kf5
{[%clk 0:09:38]} Kc7 {[%clk 0:09:44]} 53. Rb3 {[%clk 0:09:56]} Kd6
{[%clk 0:08:22]} 54. Rb6+ {[%clk 0:08:37]} Kc7 {[%clk 0:08:47]} 55. Rb5
{[%clk 0:08:57]} Kc6 {[%clk 0:09:12]} 56. Rb8 {[%clk 0:09:11]} Kc7
{[%clk 0:09:20]} 57. Rb3 {[%clk 0:09:36]} Kd6 {[%clk 0:09:43]} 58. Kf4
{[%clk 0:08:05]} Ke6 {[%clk 0:09:30]} 59. Rb6+ {[%clk 0:08:24]} Kd7
{[%clk 0:09:20]} 60. e5 {[%clk 0:06:25]} Kc7 {[%clk 0:08:50]} 61. Rb3
{[%clk 0:06:29]} Kc6 {[%clk 0:06:47]} 62. Rb8 {[%clk 0:06:42]} Kc7
{[%clk 0:06:49]} 63. Rb5 {[%clk 0:07:07]} Kc6 {[%clk 0:07:17]} 64. Rb8
{[%clk 0:07:33]} Kc7 {[%clk 0:07:44]} 65. Rb3 {[%clk 0:07:27]} Kc6
{[%clk 0:08:07]} 66. e6 {[%clk 0:06:16]} Kd6 {[%clk 0:05:18]} 67. Rb6+
{[%clk 0:06:41]} Kc7 {[%clk 0:05:35]} 68. Rb5 {[%clk 0:07:08]} Kd6
{[%clk 0:05:53]} 69. Rb6+ {[%clk 0:03:54]} Kc7 {[%clk 0:06:21]} 70. Ke3
{[%clk 0:00:36]} Rd4 {[%clk 0:01:53]} 71. Rb5 {[%clk 0:01:02]} Kd6
{[%clk 0:01:39]} 72. Rxc5 {[%clk 0:00:38]} Rb4 {[%clk 0:01:37]} 73. Rc2
{[%clk 0:00:35]} Kxe6 {[%clk 0:02:02]} 74. Kd2 {[%clk 0:00:34]} Kd5
{[%clk 0:02:25]} 75. Kc1 {[%clk 0:00:43]} Rc4 {[%clk 0:02:46]} 1/2-1/2

[Event "M?R mu?? 2020"]
[Site "Plze?"]
[Date "2020.08.24"]
[Round "2.4"]
[White "Svanda, Ondrej"]
[Black "Hracek, Zbynek"]
[Result "0-1"]
[BlackElo "2563"]
[WhiteElo "2250"]
[LiveChessVersion "1.4.8"]

1. c4 {[%clk 1:30:57]} Nf6 {[%clk 1:30:52]} 2. g3 {[%clk 1:31:23]} c6
{[%clk 1:31:07]} 3. Nf3 {[%clk 1:30:27]} d5 {[%clk 1:31:23]} 4. Bg2
{[%clk 1:29:02]} dxc4 {[%clk 1:31:05]} 5. O-O {[%clk 1:25:05]} Nbd7
{[%clk 1:31:20]} 6. Qc2 {[%clk 1:25:13]} Nb6 {[%clk 1:31:34]} 7. a4
{[%clk 1:18:16]} a5 {[%clk 1:31:49]} 8. Na3 {[%clk 1:18:38]} Be6 {[%clk 1:32:12]}
9. Ne5 {[%clk 0:47:57]} h5 {[%clk 1:31:14]} 10. Naxc4 {[%clk 0:43:57]} Nxc4
{[%clk 1:30:40]} 11. Nxc4 {[%clk 0:44:25]} h4 {[%clk 1:31:02]} 12. d3
{[%clk 0:43:12]} g6 {[%clk 1:17:55]} 13. Bf4 {[%clk 0:40:24]} hxg3
{[%clk 0:59:05]} 14. hxg3 {[%clk 0:40:46]} Nd5 {[%clk 0:45:43]} 15. Be5
{[%clk 0:37:18]} f6 {[%clk 0:45:13]} 16. Bc3 {[%clk 0:32:43]} Bg7
{[%clk 0:40:16]} 17. Rfd1 {[%clk 0:29:42]} Kf7 {[%clk 0:33:45]} 18. e4
{[%clk 0:26:37]} Nxc3 {[%clk 0:32:05]} 19. Qxc3 {[%clk 0:25:27]} Qc7
{[%clk 0:10:28]} 20. d4 {[%clk 0:25:07]} Rhc8 {[%clk 0:10:57]} 21. Rac1
{[%clk 0:19:56]} Bh6 {[%clk 0:09:31]} 22. f4 {[%clk 0:16:24]} g5 {[%clk 0:05:25]}
23. f5 {[%clk 0:16:35]} Bxc4 {[%clk 0:05:51]} 24. Qxc4+ {[%clk 0:17:01]} Kg7
{[%clk 0:05:23]} 25. Qe6 {[%clk 0:12:48]} g4 {[%clk 0:04:49]} 26. Rc3
{[%clk 0:12:47]} Qd6 {[%clk 0:01:27]} 27. Qxd6 {[%clk 0:09:21]} exd6
{[%clk 0:01:55]} 28. Rb3 {[%clk 0:06:00]} Rab8 {[%clk 0:01:59]} 29. d5
{[%clk 0:03:37]} Kf7 {[%clk 0:01:25]} 30. dxc6 {[%clk 0:01:29]} bxc6
{[%clk 0:01:53]} 31. Rdd3 {[%clk 0:01:23]} Ke7 {[%clk 0:01:00]} 32. Bf1
{[%clk 0:01:49]} Bc1 {[%clk 0:00:58]} 33. Rxb8 {[%clk 0:00:50]} Rxb8
{[%clk 0:01:28]} 34. Rc3 {[%clk 0:00:53]} Bxb2 {[%clk 0:01:40]} 35. Rxc6
{[%clk 0:01:21]} Bd4+ {[%clk 0:02:04]} 36. Kh1 {[%clk 0:01:16]} Rb1
{[%clk 0:02:13]} 37. Kg2 {[%clk 0:01:44]} Rb2+ {[%clk 0:02:26]} 38. Kh1
{[%clk 0:02:10]} Rb1 {[%clk 0:02:03]} 39. Kg2 {[%clk 0:02:38]} Rb2+
{[%clk 0:02:28]} 40. Kh1 {[%clk 0:03:05]} Rb3 {[%clk 0:00:48]} 41. Rc7+
{[%clk 0:28:23]} Kd8 {[%clk 0:31:23]} 42. Rg7 {[%clk 0:28:33]} Rxg3
{[%clk 0:31:35]} 43. Be2 {[%clk 0:22:54]} Rg1+ {[%clk 0:29:52]} 44. Kh2
{[%clk 0:23:21]} Ra1 {[%clk 0:30:18]} 45. Rxg4 {[%clk 0:20:07]} Rxa4
{[%clk 0:28:18]} 46. Bb5 {[%clk 0:20:16]} Rb4 {[%clk 0:16:41]} 47. Bc6
{[%clk 0:20:30]} Kc7 {[%clk 0:16:59]} 48. Bd5 {[%clk 0:20:53]} Kb6
{[%clk 0:17:14]} 49. Rg8 {[%clk 0:20:42]} Be5+ {[%clk 0:15:41]} 50. Kg2
{[%clk 0:20:56]} Kc5 {[%clk 0:16:05]} 51. Kf3 {[%clk 0:20:30]} Kd4
{[%clk 0:13:15]} 52. Ra8 {[%clk 0:17:18]} Ra4 {[%clk 0:12:56]} 53. Ke2
{[%clk 0:17:27]} Ra3 {[%clk 0:12:49]} 54. Rc8 {[%clk 0:16:53]} Bf4
{[%clk 0:12:29]} 55. Rc4+ {[%clk 0:17:06]} Ke5 {[%clk 0:12:57]} 56. Bc6
{[%clk 0:17:12]} Be3 {[%clk 0:11:36]} 57. Kd1 {[%clk 0:15:59]} Bc5
{[%clk 0:10:54]} 58. Kc2 {[%clk 0:15:55]} Bb4 {[%clk 0:09:41]} 59. Kb2
{[%clk 0:14:38]} Kf4 {[%clk 0:09:29]} 60. Bb7 {[%clk 0:12:17]} Ke3
{[%clk 0:09:39]} 61. Bc6 {[%clk 0:12:31]} Rd3 {[%clk 0:09:11]} 62. Kb1
{[%clk 0:09:59]} Rd1+ {[%clk 0:08:32]} 63. Rc1 {[%clk 0:09:45]} Rd4
{[%clk 0:08:47]} 64. Kb2 {[%clk 0:06:33]} Bc5 {[%clk 0:06:56]} 65. Rc3+
{[%clk 0:05:50]} Kf4 {[%clk 0:07:08]} 66. Rh3 {[%clk 0:03:54]} a4
{[%clk 0:07:18]} 67. Kc2 {[%clk 0:03:14]} a3 {[%clk 0:06:14]} 68. Kb3
{[%clk 0:03:29]} Rb4+ {[%clk 0:06:24]} 69. Ka2 {[%clk 0:03:48]} Rb2+
{[%clk 0:06:36]} 70. Ka1 {[%clk 0:04:15]} Bd4 {[%clk 0:06:47]} 0-1

[Event "M?R mu?? 2020"]
[Site "Plze?"]
[Date "2020.08.24"]
[Round "2.6"]
[White "Freisler, Pavel"]
[Black "Simacek, Pavel"]
[Result "1-0"]
[BlackElo "2474"]
[WhiteElo "2249"]
[LiveChessVersion "1.4.8"]

1. d4 {[%clk 1:30:43]} d6 {[%clk 1:29:56]} 2. c4 {[%clk 1:25:02]} g6
{[%clk 1:27:58]} 3. Nf3 {[%clk 1:20:26]} Nf6 {[%clk 1:26:27]} 4. g3
{[%clk 1:20:27]} Bg7 {[%clk 1:26:32]} 5. Bg2 {[%clk 1:20:53]} O-O
{[%clk 1:26:29]} 6. O-O {[%clk 1:21:16]} Nc6 {[%clk 1:24:50]} 7. Nc3
{[%clk 1:21:30]} a6 {[%clk 1:24:24]} 8. d5 {[%clk 1:20:00]} Na5 {[%clk 1:24:43]}
9. Nd2 {[%clk 1:20:04]} c5 {[%clk 1:24:58]} 10. Qc2 {[%clk 1:20:28]} Rb8
{[%clk 1:23:49]} 11. a4 {[%clk 1:18:36]} e6 {[%clk 1:22:19]} 12. b3
{[%clk 1:16:33]} exd5 {[%clk 1:22:18]} 13. cxd5 {[%clk 1:17:01]} Re8
{[%clk 1:20:21]} 14. Bb2 {[%clk 1:15:13]} h5 {[%clk 1:19:26]} 15. h3
{[%clk 1:00:48]} Bd7 {[%clk 1:19:22]} 16. Rfe1 {[%clk 0:51:03]} b5
{[%clk 1:11:42]} 17. axb5 {[%clk 0:51:12]} axb5 {[%clk 1:10:19]} 18. Nce4
{[%clk 0:42:41]} Nxe4 {[%clk 0:34:39]} 19. Nxe4 {[%clk 0:38:44]} Nb7
{[%clk 0:21:53]} 20. Ra7 {[%clk 0:21:32]} Bf5 {[%clk 0:20:27]} 21. Bxg7
{[%clk 0:21:37]} Bxe4 {[%clk 0:14:50]} 22. Qb2 {[%clk 0:19:15]} Kh7
{[%clk 0:14:34]} 23. Bf6 {[%clk 0:17:03]} Qc8 {[%clk 0:15:00]} 24. Qd2
{[%clk 0:05:31]} Qf5 {[%clk 0:11:32]} 25. Bb2 {[%clk 0:04:23]} Bxg2
{[%clk 0:08:24]} 26. Kxg2 {[%clk 0:04:51]} g5 {[%clk 0:06:07]} 27. Qc3
{[%clk 0:02:47]} Qe5 {[%clk 0:03:14]} 28. Qd2 {[%clk 0:02:29]} Qf5
{[%clk 0:03:29]} 29. f3 {[%clk 0:02:00]} b4 {[%clk 0:03:09]} 30. e4
{[%clk 0:02:11]} Qg6 {[%clk 0:03:34]} 31. e5 {[%clk 0:02:09]} h4 {[%clk 0:01:51]}
32. Re4 {[%clk 0:01:01]} f5 {[%clk 0:01:14]} 33. Re2 {[%clk 0:01:05]} hxg3
{[%clk 0:01:29]} 34. exd6 {[%clk 0:00:51]} f4 {[%clk 0:01:00]} 35. Re7+
{[%clk 0:00:53]} Rxe7 {[%clk 0:01:02]} 36. dxe7 {[%clk 0:01:22]} Kh6
{[%clk 0:01:24]} 37. Qe2 {[%clk 0:01:11]} Kh5 {[%clk 0:01:24]} 38. Rxb7
{[%clk 0:01:16]} Re8 {[%clk 0:00:55]} 39. Rd7 {[%clk 0:01:20]} Qf5
{[%clk 0:01:10]} 40. Rc7 {[%clk 0:01:00]} Qxd5 {[%clk 0:01:24]} 41. Qc2
{[%clk 0:27:23]} Qf7 {[%clk 0:29:39]} 42. Qe4 {[%clk 0:26:47]} Qg6
{[%clk 0:29:46]} 43. Qxg6+ {[%clk 0:20:05]} Kxg6 {[%clk 0:30:11]} 44. Be5
{[%clk 0:20:25]} Kf7 {[%clk 0:29:50]} 45. Bd6 {[%clk 0:19:22]} 1-0

[Event "M?R mu?? 2020"]
[Site "Plze?"]
[Date "2020.08.24"]
[Round "2.12"]
[White "Orsag, Milan"]
[Black "Nytra, Ondrej"]
[Result "1/2-1/2"]
[BlackElo "1925"]
[WhiteElo "2300"]
[LiveChessVersion "1.4.8"]

1. Nf3 {[%clk 1:30:43]} d5 {[%clk 1:30:52]} 2. c4 {[%clk 1:30:41]} d4
{[%clk 1:23:26]} 3. e3 {[%clk 1:29:30]} c5 {[%clk 1:22:54]} 4. b4
{[%clk 1:28:48]} Bg4 {[%clk 1:19:44]} 5. Qa4+ {[%clk 1:18:40]} Qd7
{[%clk 1:19:15]} 6. Qxd7+ {[%clk 1:17:37]} Nxd7 {[%clk 1:19:31]} 7. bxc5
{[%clk 1:08:23]} e5 {[%clk 1:18:08]} 8. Be2 {[%clk 1:06:39]} Bxc5
{[%clk 1:08:17]} 9. Ba3 {[%clk 0:59:38]} Ngf6 {[%clk 0:59:45]} 10. exd4
{[%clk 0:50:19]} exd4 {[%clk 0:54:13]} 11. Bxc5 {[%clk 0:44:40]} Nxc5
{[%clk 0:52:55]} 12. Nxd4 {[%clk 0:42:14]} O-O-O {[%clk 0:52:13]} 13. Nb3
{[%clk 0:39:15]} Bxe2 {[%clk 0:44:44]} 14. Kxe2 {[%clk 0:39:38]} Rhe8+
{[%clk 0:45:10]} 15. Kd1 {[%clk 0:39:05]} Nd3 {[%clk 0:38:41]} 16. Rf1
{[%clk 0:31:54]} Nb2+ {[%clk 0:37:29]} 17. Kc2 {[%clk 0:32:03]} Nxc4
{[%clk 0:37:52]} 18. Nc3 {[%clk 0:32:18]} Na3+ {[%clk 0:37:38]} 19. Kb2
{[%clk 0:21:45]} Nc4+ {[%clk 0:38:03]} 20. Kc2 {[%clk 0:22:04]} Na3+
{[%clk 0:23:03]} 21. Kb2 Nc4+ 1/2-1/2

[Event "M?R mu?? 2020"]
[Site "Plze?"]
[Date "2020.08.24"]
[Round "2.17"]
[White "Gnojek, Petr"]
[Black "Havelka, Josef"]
[Result "0-1"]
[BlackElo "2367"]
[WhiteElo "2225"]
[LiveChessVersion "1.4.8"]

1. d4 {[%clk 1:30:55]} Nf6 {[%clk 1:30:52]} 2. c4 {[%clk 1:31:19]} g6
{[%clk 1:31:16]} 3. f3 {[%clk 1:31:44]} Bg7 {[%clk 1:31:07]} 4. e4
{[%clk 1:31:59]} d6 {[%clk 1:31:29]} 5. Nc3 {[%clk 1:32:18]} O-O {[%clk 1:31:40]}
6. Be3 {[%clk 1:32:22]} Nc6 {[%clk 1:31:30]} 7. Nge2 {[%clk 1:32:15]} a6
{[%clk 1:30:39]} 8. Qd2 {[%clk 1:32:17]} Na5 {[%clk 1:30:08]} 9. Nc1
{[%clk 1:32:17]} Nd7 {[%clk 1:25:18]} 10. Be2 {[%clk 1:29:13]} c5
{[%clk 1:20:55]} 11. dxc5 {[%clk 1:28:55]} dxc5 {[%clk 1:18:08]} 12. Nb3
{[%clk 1:28:46]} Nc6 {[%clk 1:03:22]} 13. Nxc5 {[%clk 1:20:43]} Nxc5
{[%clk 1:01:12]} 14. Qxd8 {[%clk 1:20:52]} Rxd8 {[%clk 1:00:09]} 15. Bxc5
{[%clk 1:21:14]} Bd4 {[%clk 0:54:46]} 16. Bxd4 {[%clk 1:20:32]} Nxd4
{[%clk 0:55:12]} 17. Rd1 {[%clk 1:18:05]} e5 {[%clk 0:50:34]} 18. Nd5
{[%clk 1:12:23]} Be6 {[%clk 0:49:39]} 19. Kf2 {[%clk 1:09:52]} Kg7
{[%clk 0:45:15]} 20. Nc7 {[%clk 0:50:09]} Rac8 {[%clk 0:44:56]} 21. Nxe6+
{[%clk 0:50:31]} Nxe6 {[%clk 0:44:50]} 22. Rxd8 {[%clk 0:45:12]} Rxd8
{[%clk 0:45:14]} 23. Rd1 {[%clk 0:45:37]} Nd4 {[%clk 0:44:43]} 24. c5
{[%clk 0:40:01]} a5 {[%clk 0:38:48]} 25. Rc1 {[%clk 0:27:41]} Ne6
{[%clk 0:26:39]} 26. Ke3 {[%clk 0:17:23]} Rc8 {[%clk 0:23:59]} 27. a3
{[%clk 0:15:42]} Rxc5 {[%clk 0:20:58]} 28. Rxc5 {[%clk 0:16:08]} Nxc5
{[%clk 0:21:25]} 29. b4 {[%clk 0:16:34]} axb4 {[%clk 0:20:49]} 30. axb4
{[%clk 0:16:59]} Ne6 31. Bc4 {[%clk 0:16:50]} Nd4 {[%clk 0:18:38]} 32. Kd2
{[%clk 0:12:00]} f5 {[%clk 0:14:08]} 33. Bd3 {[%clk 0:09:31]} Kf6
{[%clk 0:11:35]} 34. Ke3 {[%clk 0:07:18]} f4+ {[%clk 0:07:18]} 35. Kd2
{[%clk 0:05:55]} g5 {[%clk 0:06:01]} 36. Be2 {[%clk 0:01:28]} Kg6
{[%clk 0:01:28]} 37. Bd1 {[%clk 0:01:47]} Kh5 {[%clk 0:01:12]} 38. Ke1
{[%clk 0:01:36]} b6 {[%clk 0:01:26]} 39. Kd2 {[%clk 0:01:42]} Kh4
{[%clk 0:01:24]} 40. Ke1 {[%clk 0:01:50]} Nc6 {[%clk 0:01:01]} 41. b5
{[%clk 0:02:12]} Nd4 {[%clk 0:00:55]} 42. Be2 {[%clk 0:28:53]} h5
{[%clk 0:25:55]} 43. Bf1 {[%clk 0:18:46]} g4 {[%clk 0:19:01]} 44. fxg4
{[%clk 0:19:11]} hxg4 {[%clk 0:17:41]} 45. Kf2 {[%clk 0:10:43]} Kg5
{[%clk 0:14:28]} 46. Bd3 {[%clk 0:10:00]} Kf6 {[%clk 0:12:38]} 47. Bc4
{[%clk 0:09:29]} Ke7 {[%clk 0:09:05]} 48. Bf1 {[%clk 0:09:09]} Kd6
{[%clk 0:08:23]} 49. Bd3 {[%clk 0:09:35]} Kc5 {[%clk 0:06:28]} 50. h3
{[%clk 0:10:00]} g3+ {[%clk 0:04:31]} 51. Kf1 {[%clk 0:07:06]} Kd6
{[%clk 0:03:08]} 52. Bc4 {[%clk 0:07:21]} Ke7 {[%clk 0:03:10]} 53. Kg1
{[%clk 0:07:07]} Kf6 {[%clk 0:03:26]} 54. Kf1 {[%clk 0:06:47]} Kg5
{[%clk 0:03:51]} 55. Kg1 {[%clk 0:06:41]} Kh4 {[%clk 0:03:28]} 56. Bf1
{[%clk 0:05:35]} f3 {[%clk 0:03:33]} 57. gxf3 {[%clk 0:05:35]} Nxf3+
{[%clk 0:03:58]} 58. Kg2 {[%clk 0:05:55]} Ng5 {[%clk 0:04:11]} 59. Bd3
{[%clk 0:05:49]} Nxh3 {[%clk 0:04:31]} 60. Kf3 {[%clk 0:06:08]} g2
{[%clk 0:03:45]} 0-1

[Event "M?R mu?? 2020"]
[Site "Plze?"]
[Date "2020.08.24"]
[Round "2.19"]
[White "Taus, Martin"]
[Black "Cerveny, Petr"]
[Result "0-1"]
[BlackElo "2340"]
[WhiteElo "2142"]
[LiveChessVersion "1.4.8"]

1. e4 {[%clk 1:30:57]} c6 {[%clk 1:30:53]} 2. d4 {[%clk 1:30:48]} d5
{[%clk 1:31:10]} 3. exd5 {[%clk 1:31:05]} cxd5 {[%clk 1:31:36]} 4. c4
{[%clk 1:31:30]} Nf6 {[%clk 1:32:02]} 5. Nc3 {[%clk 1:31:53]} Nc6
{[%clk 1:32:27]} 6. Nf3 {[%clk 1:28:08]} Be6 {[%clk 1:32:52]} 7. c5
{[%clk 1:19:27]} g6 {[%clk 1:33:15]} 8. Bb5 {[%clk 1:19:51]} Bg7 {[%clk 1:33:40]}
9. Ne5 {[%clk 1:18:30]} Qc8 {[%clk 1:34:00]} 10. Qa4 {[%clk 1:11:18]} Bd7
{[%clk 1:34:24]} 11. Bg5 {[%clk 1:08:00]} e6 {[%clk 1:34:48]} 12. O-O
{[%clk 1:04:49]} O-O {[%clk 1:35:01]} 13. Bxc6 {[%clk 0:59:33]} Bxc6
{[%clk 1:34:28]} 14. Qa5 {[%clk 0:53:40]} Nd7 {[%clk 1:28:50]} 15. Be7
{[%clk 0:46:05]} Nxe5 {[%clk 1:27:14]} 16. dxe5 {[%clk 0:46:31]} Bxe5
{[%clk 1:27:12]} 17. Bxf8 {[%clk 0:44:41]} Qxf8 {[%clk 1:27:30]} 18. Rfe1
{[%clk 0:44:28]} Bd4 {[%clk 1:23:11]} 19. Rac1 {[%clk 0:44:45]} Bxc5
{[%clk 1:02:20]} 20. Nxd5 {[%clk 0:43:30]} Bxf2+ {[%clk 1:02:15]} 21. Kxf2
{[%clk 0:43:46]} Bxd5 {[%clk 1:02:37]} 22. a3 {[%clk 0:39:12]} Qh6
{[%clk 0:56:12]} 23. Kg1 {[%clk 0:38:27]} Qg5 {[%clk 0:56:26]} 24. Rc2
{[%clk 0:38:32]} a6 {[%clk 0:54:40]} 25. Rec1 {[%clk 0:36:54]} Qe3+
{[%clk 0:47:20]} 26. Kh1 {[%clk 0:35:42]} Kg7 {[%clk 0:39:25]} 27. Qc3+
{[%clk 0:25:37]} Qxc3 {[%clk 0:39:48]} 28. Rxc3 {[%clk 0:26:04]} Bc6
{[%clk 0:39:23]} 29. Rd1 {[%clk 0:26:26]} f5 {[%clk 0:36:54]} 30. Kg1
{[%clk 0:25:53]} Kf6 {[%clk 0:36:59]} 31. g3 {[%clk 0:23:39]} g5 {[%clk 0:36:42]}
32. Kf2 {[%clk 0:23:50]} g4 {[%clk 0:29:45]} 33. Rcd3 {[%clk 0:22:35]} Bd5
{[%clk 0:30:02]} 34. Rc3 {[%clk 0:21:07]} h5 {[%clk 0:28:38]} 35. Rc7
{[%clk 0:20:57]} Rh8 {[%clk 0:27:44]} 36. Ke3 {[%clk 0:09:06]} h4
{[%clk 0:23:28]} 37. Rxd5 {[%clk 0:04:56]} exd5 {[%clk 0:23:54]} 38. Rxb7
{[%clk 0:05:23]} hxg3 {[%clk 0:23:51]} 39. hxg3 {[%clk 0:05:06]} Rh2
{[%clk 0:23:54]} 40. Rb6+ {[%clk 0:00:58]} Ke5 {[%clk 0:23:59]} 41. b4
{[%clk 0:30:23]} Rg2 {[%clk 0:53:52]} 42. Rxa6 {[%clk 0:30:48]} d4+
{[%clk 0:49:30]} 43. Kd3 {[%clk 0:30:22]} Rxg3+ {[%clk 0:47:59]} 44. Kd2
{[%clk 0:30:47]} Rb3 {[%clk 0:47:24]} 45. Kc2 {[%clk 0:30:41]} Rc3+
{[%clk 0:47:29]} 46. Kd2 {[%clk 0:31:05]} g3 {[%clk 0:46:27]} 47. b5
{[%clk 0:31:29]} f4 {[%clk 0:24:49]} 48. b6 {[%clk 0:25:05]} g2 {[%clk 0:12:53]}
49. b7 {[%clk 0:25:11]} Rb3 {[%clk 0:13:13]} 50. Rg6 {[%clk 0:24:46]} Rxb7
{[%clk 0:12:53]} 0-1